000 00913 a2200193 4500
003 NUST
005 20221115122647.0
010 _a 77005565
020 _a0060448563
040 _cNust
082 0 0 _a512.9,NOW
100 1 _aNowlan, Robert A.
_9102632
245 1 0 _aLessons in college algebra /
_cRobert A. Nowlan.
260 _aNew York :
_bHarper & Row,
_cc1978.
300 _axv, 671p. :
_bill. ;
_c24 cm.
505 _aUnit-1: Fundamental Concept of Algebra (Page-1), Unit-11: Linear Equations and Inequalities (Page-87), Unit-111:, Quadratic Equations in One Variable (Page-155),Unit-iv: Relations, Function, and Graphs (Page-241), Unite-V: System of Equations and Inequalities (Page-325) Unite-vii: Sequences And Series (Page-435), Unite-viii: Exponential and Logarithms Functions (Page-483), Unite-ix: Probability and Statistics (Page-531).
650 0 _aAlgebra.
_98509
942 _2ddc
_cBK
_k512.9,NOW
999 _c182308
_d182308